Forgotten truth (Record no. 409206)

000 -LEADER
fixed length control field 00219 a2200097 4500
090 ## - LOCALLY ASSIGNED LC-TYPE CALL NUMBER (OCLC); LOCAL CALL NUMBER (RLIN)
-- 26713
-- 26713
100 ## - MAIN ENTRY--PERSONAL NAME
Personal name Smith H
245 ## - TITLE STATEMENT
Title Forgotten truth
260 ## - PUBLICATION, DISTRIBUTION, ETC.
Place of publication, distribution, etc. Lahore
Name of publisher, distributor, etc. Suhail academy
Date of publication, distribution, etc.
942 ## - ADDED ENTRY ELEMENTS (KOHA)
Institution code [OBSOLETE] NUST-CAE
Koha item type
--
Holdings
Withdrawn status Lost status Source of classification or shelving scheme Damaged status Not for loan Permanent Location Current Location Date acquired Total Checkouts Full call number Barcode Date last seen Date last checked out Price effective from Koha item type
          School of Civil and Environmental Engineering (SCEE) School of Civil and Environmental Engineering (SCEE) 02/18/2020 1 200.1 NIT-9828 04/27/2023 04/10/2023 02/18/2020  
© 2023 Central Library, National University of Sciences and Technology. All Rights Reserved.